00489 2200181 4500001002100000005001500021035002000036245008100056100001400137250000700151300003400158260004500192082000800237084001400245020002200259600001400281990001200295INLIS00000000000335720260211101807 a0010-02260000231 aKERAJAAN NUSANTARA :bSeri Ensiklopedia Ilmu Pengetahuan Sosial /cNur Asiah0 aNur Asiah aVI a180 hlm :bilus ;c21 x 30 cm aJakarta :bPT. Mediantara Semesta,c2020 a903 a903 NUR k a978-602-8489-35-5 4aNur Asiah a0750976